| 000 | 00788cam a2200229 a 4500 | ||
|---|---|---|---|
| 001 | 1843124 | ||
| 005 | 20180223071039.0 | ||
| 008 | 810910s1982 mdu b i001 0 eng | ||
| 010 | _a 81015569 | ||
| 020 | _a0801823595 | ||
| 020 | _a0801823609 (pbk.) | ||
| 040 |
_aDLC _cDLC _dDLC |
||
| 041 | _aeng | ||
| 080 | _a339.3 | ||
| 082 | 0 | 0 |
_a339.3 KRA _219 |
| 100 | 1 | _a53 | |
| 101 | _aMNG | ||
| 245 | 1 | 0 |
_aWorld product and income : _cproduced by the Statistical Office of the United Nations and the World Bank ; Irving B. Kravis, Alan Heston, Robert Summers, in collaboration with Alicia R. Civitello ... [et al.]. |
| 504 | _aBibliography: p. 375-379. | ||
| 906 |
_a7 _bcbc _corignew _d1 _eocip _f19 _gy-gencatlg |
||
| 942 |
_2ddc _cBK |
||
| 999 |
_c43241 _d43241 |
||